[Event "EYTCC-G"]
[Site "?"]
[Date "2017.08.18"]
[Round "2.8"]
[White "Kubicka, Anna"]
[Black "Caglar, Sila"]
[Result "1-0"]
[BlackElo "2136"]
[WhiteElo "2226"]
[LiveChessVersion "1.4.6"]

1. c4 {[%clk 1:30:54]} e5 {[%clk 1:30:53]} 2. g3 {[%clk 1:31:14]} Nf6
{[%clk 1:31:18]} 3. Bg2 {[%clk 1:31:28]} d5 {[%clk 1:31:35]} 4. cxd5
{[%clk 1:31:50]} Nxd5 {[%clk 1:32:01]} 5. Nc3 {[%clk 1:32:06]} Nb6
{[%clk 1:32:24]} 6. e3 {[%clk 1:32:13]} Nc6 {[%clk 1:28:46]} 7. Nge2
{[%clk 1:32:18]} Bf5 {[%clk 1:26:53]} 8. d4 {[%clk 1:32:26]} exd4
{[%clk 1:25:28]} 9. Nxd4 {[%clk 1:32:33]} Nxd4 {[%clk 1:24:09]} 10. exd4
{[%clk 1:32:54]} c6 {[%clk 1:21:26]} 11. O-O {[%clk 1:33:08]} Be7
{[%clk 1:20:18]} 12. d5 {[%clk 1:33:20]} cxd5 {[%clk 1:13:43]} 13. Nxd5
{[%clk 1:33:41]} Nxd5 {[%clk 1:13:40]} 14. Bxd5 {[%clk 1:33:46]} O-O
{[%clk 1:12:25]} 15. Qf3 {[%clk 1:19:05]} Bc8 {[%clk 1:03:28]} 16. Bxb7
{[%clk 1:13:48]} Bxb7 {[%clk 1:03:41]} 17. Qxb7 {[%clk 1:14:15]} Bf6
{[%clk 1:03:17]} 18. Rb1 {[%clk 1:07:51]} Qa5 {[%clk 1:01:56]} 19. a3
{[%clk 1:07:44]} Rab8 {[%clk 1:01:18]} 20. Qf3 {[%clk 1:07:14]} Qb5
{[%clk 0:50:48]} 21. b4 {[%clk 1:03:42]} Rbc8 {[%clk 0:42:23]} 22. Rb3
{[%clk 0:53:05]} a5 {[%clk 0:34:12]} 23. Bf4 {[%clk 0:48:41]} axb4
{[%clk 0:23:31]} 24. Bd6 {[%clk 0:46:57]} Rfd8 {[%clk 0:15:52]} 25. Bxb4
{[%clk 0:47:13]} Qd7 {[%clk 0:13:51]} 26. Re3 {[%clk 0:44:58]} Rc4
{[%clk 0:06:40]} 27. Rfe1 {[%clk 0:41:35]} h6 {[%clk 0:04:02]} 28. Qe2
{[%clk 0:36:05]} Qd4 {[%clk 0:02:15]} 29. Re8+ {[%clk 0:29:35]} Rxe8
{[%clk 0:01:34]} 30. Qxe8+ {[%clk 0:30:03]} Kh7 {[%clk 0:01:57]} 31. Qxf7
{[%clk 0:27:25]} Rc2 {[%clk 0:02:15]} 32. Rf1 {[%clk 0:27:38]} Qe4
{[%clk 0:02:11]} 33. Qh5 {[%clk 0:17:12]} Bd4 {[%clk 0:01:18]} 34. Qd1
{[%clk 0:14:58]} Re2 {[%clk 0:00:47]} 35. Be1 {[%clk 0:10:02]} Ra2
{[%clk 0:00:36]} 36. Qb3 {[%clk 0:03:21]} Re2 {[%clk 0:00:46]} 37. Qb4
{[%clk 0:01:54]} Rb2 {[%clk 0:00:47]} 38. Qd6 {[%clk 0:00:48]} Be5
{[%clk 0:00:36]} 39. Qa6 {[%clk 0:00:35]} Bd4 {[%clk 0:00:58]} 40. Qd6
{[%clk 0:30:40]} Be5 {[%clk 0:31:21]} 41. Qd1 {[%clk 0:21:31]} Ra2
{[%clk 0:30:17]} 42. Bb4 {[%clk 0:19:11]} Bd4 {[%clk 0:29:40]} 43. Qh5
{[%clk 0:16:08]} Rb2 {[%clk 0:23:49]} 44. Qf7 {[%clk 0:14:32]} Re2
{[%clk 0:20:35]} 45. Qf8 {[%clk 0:13:10]} Bf6 {[%clk 0:15:42]} 46. Bc5
{[%clk 0:11:08]} h5 {[%clk 0:12:33]} 47. Qb8 {[%clk 0:09:40]} Rc2
{[%clk 0:09:42]} 48. Be3 {[%clk 0:09:04]} h4 {[%clk 0:06:29]} 49. Qb5
{[%clk 0:05:29]} Kg6 {[%clk 0:02:29]} 50. Qd7 {[%clk 0:04:01]} Ra2
{[%clk 0:00:56]} 51. Bc5 {[%clk 0:03:38]} Rc2 {[%clk 0:01:06]} 52. Be3
{[%clk 0:00:38]} Ra2 {[%clk 0:01:30]} 53. Bc1 {[%clk 0:00:35]} Re2
{[%clk 0:00:50]} 54. Qh3 {[%clk 0:00:38]} hxg3 {[%clk 0:00:35]} 55. hxg3
{[%clk 0:00:43]} Bd4 {[%clk 0:00:46]} 56. Qg2 {[%clk 0:00:37]} Qc2
{[%clk 0:00:52]} 57. Bf4 {[%clk 0:00:35]} Qc5 {[%clk 0:00:16]} 58. a4
{[%clk 0:00:35]} Ra2 {[%clk 0:00:58]} 59. Qe4+ {[%clk 0:00:36]} Kf6
{[%clk 0:00:44]} 60. Be3 {[%clk 0:00:38]} Rxa4 {[%clk 0:00:40]} 61. Qf4+
{[%clk 0:00:38]} Kg6 {[%clk 0:00:56]} 62. Rd1 {[%clk 0:00:35]} Bxe3
{[%clk 0:00:52]} 63. Qxa4 {[%clk 0:00:36]} Bxf2+ {[%clk 0:01:16]} 64. Kg2
{[%clk 0:01:00]} Be3 {[%clk 0:00:42]} 65. Qe4+ {[%clk 0:00:57]} Kf7
{[%clk 0:00:34]} 66. Rd7+ {[%clk 0:00:57]} Kg8 {[%clk 0:00:34]} 67. Rd8+
{[%clk 0:01:24]} Kf7 {[%clk 0:00:50]} 68. Rd5 {[%clk 0:01:00]} Qa7
{[%clk 0:00:33]} 69. Qf5+ {[%clk 0:00:48]} Ke8 {[%clk 0:00:44]} 70. Re5+
{[%clk 0:00:52]} Kd8 {[%clk 0:01:08]} 71. Qf8+ {[%clk 0:01:19]} 1-0

[Event "EYTCC-G"]
[Site "?"]
[Date "2017.08.18"]
[Round "2.9"]
[White "Schneider, Jana"]
[Black "Rozman, Monika"]
[Result "0-1"]
[BlackElo "2082"]
[WhiteElo "2275"]
[LiveChessVersion "1.4.6"]

1. e4 {[%clk 1:30:57]} c5 {[%clk 1:30:51]} 2. Nf3 {[%clk 1:31:18]} d6
{[%clk 1:31:18]} 3. Bb5+ {[%clk 1:31:40]} Bd7 {[%clk 1:31:42]} 4. Bxd7+
{[%clk 1:32:03]} Qxd7 {[%clk 1:32:08]} 5. c4 {[%clk 1:32:21]} Nc6
{[%clk 1:32:02]} 6. Nc3 {[%clk 1:32:34]} g6 {[%clk 1:32:04]} 7. d4
{[%clk 1:32:28]} cxd4 {[%clk 1:31:37]} 8. Nxd4 {[%clk 1:32:48]} Bg7
{[%clk 1:31:49]} 9. Be3 {[%clk 1:32:17]} Nf6 {[%clk 1:31:07]} 10. f3
{[%clk 1:32:06]} O-O {[%clk 1:28:26]} 11. Rc1 {[%clk 1:31:25]} Rac8
{[%clk 1:25:37]} 12. b3 {[%clk 1:29:44]} Rfd8 {[%clk 1:20:41]} 13. O-O
{[%clk 1:28:09]} e6 {[%clk 1:17:51]} 14. Qd2 {[%clk 0:57:03]} Qe7
{[%clk 1:11:39]} 15. Rfd1 {[%clk 0:46:03]} d5 {[%clk 1:04:57]} 16. exd5
{[%clk 0:42:25]} exd5 {[%clk 1:04:22]} 17. Nxc6 {[%clk 0:38:02]} bxc6
{[%clk 1:02:15]} 18. cxd5 {[%clk 0:37:15]} Nxd5 {[%clk 1:01:01]} 19. Nxd5
{[%clk 0:32:39]} Rxd5 {[%clk 1:00:09]} 20. Qf2 {[%clk 0:32:00]} Rcd8
{[%clk 0:34:49]} 21. Rxd5 {[%clk 0:26:27]} Rxd5 {[%clk 0:35:13]} 22. Bxa7
{[%clk 0:24:40]} c5 {[%clk 0:34:30]} 23. Bxc5 {[%clk 0:20:44]} Qxc5
{[%clk 0:34:44]} 24. Qxc5 {[%clk 0:20:15]} Rxc5 {[%clk 0:35:06]} 25. Rxc5
{[%clk 0:18:03]} Bd4+ {[%clk 0:35:29]} 26. Kf1 {[%clk 0:18:29]} Bxc5
{[%clk 0:35:55]} 27. Ke2 {[%clk 0:18:29]} Kf8 {[%clk 0:30:37]} 28. Kd3
{[%clk 0:18:47]} Ke7 {[%clk 0:30:59]} 29. h3 {[%clk 0:18:09]} Kd6
{[%clk 0:29:47]} 30. Kc4 {[%clk 0:18:11]} Kc6 {[%clk 0:27:27]} 31. g4
{[%clk 0:17:25]} Bf2 {[%clk 0:19:20]} 32. a4 {[%clk 0:16:24]} Be1
{[%clk 0:18:47]} 33. b4 {[%clk 0:16:06]} f6 {[%clk 0:15:42]} 34. a5
{[%clk 0:11:22]} g5 {[%clk 0:09:11]} 35. a6 {[%clk 0:06:53]} Bf2 {[%clk 0:09:00]}
36. b5+ {[%clk 0:04:36]} Kd6 {[%clk 0:09:09]} 37. Kb4 {[%clk 0:04:15]} Bb6
{[%clk 0:09:31]} 38. Kc4 {[%clk 0:04:40]} Ke5 {[%clk 0:09:29]} 39. Kc3
{[%clk 0:03:43]} Kd5 {[%clk 0:08:28]} 40. Kb4 {[%clk 0:32:08]} Kd4
{[%clk 0:36:17]} 41. Kb3 {[%clk 0:32:19]} Kc5 {[%clk 0:36:07]} 42. Kc3
{[%clk 0:32:17]} Kxb5 {[%clk 0:36:02]} 43. Kd3 {[%clk 0:32:39]} Kxa6
{[%clk 0:33:56]} 44. Ke4 {[%clk 0:31:55]} Kb7 {[%clk 0:30:01]} 45. f4
{[%clk 0:31:40]} h6 {[%clk 0:29:43]} 46. fxg5 {[%clk 0:29:55]} hxg5
{[%clk 0:30:02]} 47. Kf3 {[%clk 0:28:05]} Kc6 {[%clk 0:30:11]} 48. Kg3
{[%clk 0:28:20]} Bc7+ {[%clk 0:30:30]} 49. Kf3 {[%clk 0:28:13]} Kd5
{[%clk 0:30:55]} 0-1

[Event "EYTCC-G"]
[Site "?"]
[Date "2017.08.18"]
[Round "2.10"]
[White "Urh, Zala"]
[Black "Rogozenco, Teodora"]
[Result "1/2-1/2"]
[BlackElo "2162"]
[WhiteElo "2100"]
[LiveChessVersion "1.4.6"]

1. d4 {[%clk 1:30:54]} d5 {[%clk 1:30:56]} 2. c4 {[%clk 1:30:52]} c6
{[%clk 1:31:21]} 3. Nf3 {[%clk 1:31:16]} a6 {[%clk 1:30:58]} 4. e3
{[%clk 1:29:03]} Nf6 {[%clk 1:29:30]} 5. Nc3 {[%clk 1:27:31]} Nbd7
{[%clk 1:26:15]} 6. Bd3 {[%clk 1:24:52]} Qc7 {[%clk 1:23:40]} 7. O-O
{[%clk 1:22:14]} dxc4 {[%clk 1:15:45]} 8. Bxc4 {[%clk 1:22:31]} b5
{[%clk 1:16:10]} 9. Bd3 {[%clk 1:13:34]} e5 {[%clk 1:15:10]} 10. dxe5
{[%clk 1:08:26]} Nxe5 {[%clk 1:15:34]} 11. Nxe5 {[%clk 1:08:49]} Qxe5
{[%clk 1:15:59]} 12. Qf3 {[%clk 1:05:53]} Bd7 {[%clk 1:10:02]} 13. e4
{[%clk 0:53:30]} Bd6 {[%clk 1:06:24]} 14. g3 {[%clk 0:53:14]} Bg4
{[%clk 0:57:52]} 15. Qe3 {[%clk 0:51:55]} Bc5 {[%clk 0:47:25]} 16. Qf4
{[%clk 0:51:19]} Qxf4 {[%clk 0:34:53]} 17. Bxf4 {[%clk 0:51:37]} Bh3
{[%clk 0:23:49]} 18. Rfc1 {[%clk 0:48:41]} Bd4 {[%clk 0:20:29]} 19. Rc2
{[%clk 0:43:06]} Rd8 {[%clk 0:13:36]} 20. Bf1 {[%clk 0:39:44]} Bxf1
{[%clk 0:14:00]} 21. Kxf1 {[%clk 0:39:48]} O-O {[%clk 0:14:04]} 22. Ne2
{[%clk 0:34:59]} c5 {[%clk 0:12:10]} 23. Nxd4 {[%clk 0:33:00]} Rxd4
{[%clk 0:10:17]} 24. Rxc5 {[%clk 0:25:46]} Nxe4 {[%clk 0:10:39]} 25. Rc6
{[%clk 0:25:43]} a5 {[%clk 0:10:43]} 26. Rac1 {[%clk 0:24:38]} h6
{[%clk 0:07:24]} 27. Rb6 {[%clk 0:22:00]} Rd5 {[%clk 0:06:22]} 28. Rc7
{[%clk 0:18:30]} Ng5 {[%clk 0:03:25]} 29. Kg2 {[%clk 0:11:45]} Ne6
{[%clk 0:02:53]} 30. Ra7 {[%clk 0:11:52]} Nxf4+ {[%clk 0:02:37]} 31. gxf4
{[%clk 0:12:21]} b4 {[%clk 0:01:46]} 32. Rba6 {[%clk 0:11:34]} Rd2
{[%clk 0:01:41]} 33. Rxa5 {[%clk 0:11:17]} Rxb2 {[%clk 0:01:54]} 34. Ra8
{[%clk 0:07:25]} Rxa8 {[%clk 0:01:19]} 35. Rxa8+ {[%clk 0:07:53]} Kh7
{[%clk 0:01:42]} 36. Ra6 {[%clk 0:07:35]} f6 {[%clk 0:00:50]} 37. f5
{[%clk 0:07:01]} h5 {[%clk 0:00:52]} 38. h4 {[%clk 0:05:21]} Rc2 {[%clk 0:00:38]}
39. Rb6 {[%clk 0:04:34]} Rc4 {[%clk 0:00:36]} 40. Kg3 {[%clk 0:34:44]} Rg4+
{[%clk 0:31:03]} 41. Kh3 {[%clk 0:35:00]} Rf4 {[%clk 0:20:48]} 42. Kg3
{[%clk 0:34:46]} Rg4+ {[%clk 0:21:07]} 43. Kh3 {[%clk 0:35:05]} Rf4
{[%clk 0:13:22]} 44. Kg3 {[%clk 0:35:27]} Rg4+ {[%clk 0:12:27]} 45. Kh3 1/2-1/2

[Event "EYTCC-G"]
[Site "?"]
[Date "2017.08.18"]
[Round "2.11"]
[White "Egyed, Judit"]
[Black "Erseki, Tamara"]
[Result "1-0"]
[BlackElo "2119"]
[WhiteElo "2162"]
[LiveChessVersion "1.4.6"]

1. e4 {[%clk 1:30:57]} c5 {[%clk 1:30:53]} 2. Nf3 {[%clk 1:31:15]} Nc6
{[%clk 1:31:15]} 3. d4 {[%clk 1:31:40]} cxd4 {[%clk 1:31:34]} 4. Nxd4
{[%clk 1:32:05]} g6 {[%clk 1:31:47]} 5. Nc3 {[%clk 1:32:25]} Bg7 {[%clk 1:32:13]}
6. Be3 {[%clk 1:32:48]} Nf6 {[%clk 1:32:38]} 7. Bc4 {[%clk 1:32:29]} O-O
{[%clk 1:32:37]} 8. Bb3 {[%clk 1:31:48]} a5 {[%clk 1:31:57]} 9. f3
{[%clk 1:31:33]} d5 {[%clk 1:31:36]} 10. exd5 {[%clk 1:26:38]} Nb4
{[%clk 1:31:14]} 11. Nde2 {[%clk 1:24:39]} a4 {[%clk 1:27:47]} 12. Nxa4
{[%clk 1:09:34]} Nfxd5 {[%clk 1:27:21]} 13. Bd4 {[%clk 1:08:25]} Bxd4
{[%clk 1:14:28]} 14. Qxd4 {[%clk 1:05:27]} Bf5 {[%clk 1:14:17]} 15. O-O-O
{[%clk 0:58:21]} e5 {[%clk 1:05:35]} 16. Qd2 {[%clk 0:53:54]} Qc7
{[%clk 0:55:42]} 17. Nac3 {[%clk 0:49:54]} Rfd8 {[%clk 0:41:38]} 18. Nxd5
{[%clk 0:38:52]} Nxd5 {[%clk 0:39:49]} 19. Nc3 {[%clk 0:38:26]} Nb4
{[%clk 0:31:24]} 20. Qe2 {[%clk 0:37:54]} Nc6 {[%clk 0:28:02]} 21. Nd5
{[%clk 0:26:54]} Qa5 {[%clk 0:26:21]} 22. Qd2 {[%clk 0:21:10]} Nd4
{[%clk 0:20:53]} 23. Qxa5 {[%clk 0:20:33]} Rxa5 {[%clk 0:21:17]} 24. Ne7+
{[%clk 0:17:11]} Kf8 {[%clk 0:20:58]} 25. Nxf5 {[%clk 0:17:28]} gxf5
{[%clk 0:21:21]} 26. Kb1 {[%clk 0:16:41]} Raa8 {[%clk 0:16:28]} 27. Bc4
{[%clk 0:15:48]} Ke7 {[%clk 0:15:18]} 28. c3 {[%clk 0:12:43]} Nc6
{[%clk 0:14:16]} 29. h3 {[%clk 0:11:34]} Kf6 {[%clk 0:09:50]} 30. g4
{[%clk 0:11:00]} Ne7 {[%clk 0:09:46]} 31. Kc2 {[%clk 0:10:28]} Kg5
{[%clk 0:09:34]} 32. Bxf7 {[%clk 0:10:19]} Rf8 {[%clk 0:09:12]} 33. Bc4
{[%clk 0:09:37]} Ra4 {[%clk 0:08:31]} 34. b4 {[%clk 0:08:32]} fxg4
{[%clk 0:07:44]} 35. fxg4 {[%clk 0:08:49]} Rf2+ {[%clk 0:06:05]} 36. Rd2
{[%clk 0:09:11]} Rxd2+ {[%clk 0:03:22]} 37. Kxd2 {[%clk 0:09:37]} b5
{[%clk 0:03:46]} 38. Bb3 {[%clk 0:06:40]} Ra6 {[%clk 0:03:47]} 39. Rf1
{[%clk 0:06:39]} Rh6 {[%clk 0:02:10]} 40. Rf3 {[%clk 0:36:05]} e4
{[%clk 0:32:29]} 41. Rf7 {[%clk 0:33:01]} 1-0

[Event "EYTCC-G"]
[Site "?"]
[Date "2017.08.18"]
[Round "2.12"]
[White "Kassay, Lilla"]
[Black "Kovacs, Judit"]
[Result "1-0"]
[BlackElo "2062"]
[WhiteElo "2011"]
[LiveChessVersion "1.4.6"]

1. e4 {[%clk 1:30:57]} c5 {[%clk 1:30:52]} 2. Nf3 {[%clk 1:31:21]} e6
{[%clk 1:31:00]} 3. d4 {[%clk 1:31:45]} cxd4 {[%clk 1:31:22]} 4. Nxd4
{[%clk 1:32:08]} a6 {[%clk 1:31:43]} 5. Bd3 {[%clk 1:32:28]} Qb6 {[%clk 1:31:22]}
6. Nb3 {[%clk 1:31:32]} Qc7 {[%clk 1:31:14]} 7. Nc3 {[%clk 1:30:42]} Nf6
{[%clk 1:30:38]} 8. f4 {[%clk 1:27:50]} d6 {[%clk 1:28:27]} 9. Be3
{[%clk 1:22:39]} Nc6 {[%clk 1:23:19]} 10. Qf3 {[%clk 1:20:27]} Be7
{[%clk 1:18:55]} 11. g4 {[%clk 1:17:37]} Nd7 {[%clk 1:15:59]} 12. g5
{[%clk 1:10:29]} b5 {[%clk 1:11:52]} 13. Qf2 {[%clk 0:53:57]} Bb7
{[%clk 0:57:25]} 14. h4 {[%clk 0:50:00]} Na5 {[%clk 0:48:01]} 15. h5
{[%clk 0:32:05]} Nc4 {[%clk 0:40:53]} 16. Bxc4 {[%clk 0:30:44]} Qxc4
{[%clk 0:32:11]} 17. O-O-O {[%clk 0:24:40]} Qc7 {[%clk 0:24:33]} 18. Nd2
{[%clk 0:11:04]} b4 {[%clk 0:19:49]} 19. Ne2 {[%clk 0:08:09]} Rc8
{[%clk 0:17:01]} 20. c3 {[%clk 0:08:35]} d5 {[%clk 0:09:57]} 21. Kb1
{[%clk 0:07:30]} Nc5 {[%clk 0:07:59]} 22. Bxc5 {[%clk 0:05:26]} Bxc5
{[%clk 0:08:23]} 23. Qg3 {[%clk 0:04:00]} dxe4 {[%clk 0:03:53]} 24. cxb4
{[%clk 0:02:44]} Bxb4 {[%clk 0:02:47]} 25. Rc1 {[%clk 0:02:35]} Qd7
{[%clk 0:02:52]} 26. Rxc8+ {[%clk 0:02:33]} Qxc8 {[%clk 0:03:14]} 27. Rc1
{[%clk 0:02:07]} Qd7 {[%clk 0:03:05]} 28. Nb3 {[%clk 0:01:16]} Qd3+
{[%clk 0:01:52]} 29. Qxd3 {[%clk 0:01:39]} exd3 {[%clk 0:02:19]} 30. Nc3
{[%clk 0:00:43]} Ke7 {[%clk 0:01:59]} 31. Rd1 {[%clk 0:00:36]} Rd8
{[%clk 0:01:53]} 32. Kc1 {[%clk 0:00:37]} Bf3 {[%clk 0:02:00]} 33. Rf1
{[%clk 0:00:36]} Bxh5 {[%clk 0:02:13]} 34. Kd2 {[%clk 0:00:52]} Bg6
{[%clk 0:02:16]} 35. Rf3 {[%clk 0:00:44]} Bd6 {[%clk 0:01:36]} 36. Nd4
{[%clk 0:00:40]} Rc8 {[%clk 0:01:42]} 37. f5 {[%clk 0:00:41]} exf5
{[%clk 0:00:37]} 38. Nxf5+ {[%clk 0:00:50]} Bxf5 {[%clk 0:01:01]} 39. Rxf5
{[%clk 0:01:17]} g6 {[%clk 0:01:00]} 40. Rf6 {[%clk 0:30:38]} h6 {[%clk 0:30:42]}
41. Nd5+ {[%clk 0:30:54]} Kd7 {[%clk 0:30:44]} 42. Nb6+ {[%clk 0:31:05]} 1-0

[Event "EYTCC-G"]
[Site "?"]
[Date "2017.08.18"]
[Round "2.13"]
[White "Srdanovic, Jovana"]
[Black "Adamczyk, Zuzanna"]
[Result "1/2-1/2"]
[BlackElo "1753"]
[WhiteElo "2105"]
[LiveChessVersion "1.4.6"]

1. d4 {[%clk 1:30:57]} Nf6 {[%clk 1:30:46]} 2. Bg5 {[%clk 1:31:12]} Ne4
{[%clk 1:30:17]} 3. Bf4 {[%clk 1:31:29]} d5 {[%clk 1:29:22]} 4. e3
{[%clk 1:31:37]} Bf5 {[%clk 1:26:01]} 5. Bd3 {[%clk 1:30:11]} e6 {[%clk 1:21:15]}
6. Nd2 {[%clk 1:23:26]} Bd6 {[%clk 1:16:11]} 7. Bxe4 {[%clk 1:20:44]} dxe4
{[%clk 1:13:13]} 8. Bg3 {[%clk 1:16:02]} Bg6 {[%clk 1:08:10]} 9. c3
{[%clk 1:13:55]} Nc6 {[%clk 0:58:57]} 10. Ne2 {[%clk 1:10:42]} Bxg3
{[%clk 0:50:41]} 11. Nxg3 {[%clk 1:10:05]} f5 {[%clk 0:49:46]} 12. Qa4
{[%clk 1:00:46]} Bf7 {[%clk 0:44:37]} 13. Nb3 {[%clk 0:59:46]} O-O
{[%clk 0:42:41]} 14. Nc5 {[%clk 0:59:27]} Rb8 {[%clk 0:39:47]} 15. O-O
{[%clk 0:55:44]} Qd6 {[%clk 0:38:48]} 16. b4 {[%clk 0:53:37]} b6 {[%clk 0:33:56]}
17. Na6 {[%clk 0:47:06]} b5 {[%clk 0:29:06]} 18. Qa3 {[%clk 0:46:40]} Rb6
{[%clk 0:28:17]} 19. Nc5 {[%clk 0:46:44]} a6 {[%clk 0:27:44]} 20. Rfd1
{[%clk 0:45:15]} Ne7 {[%clk 0:27:06]} 21. Qc1 {[%clk 0:40:45]} Qd5
{[%clk 0:24:29]} 22. Ne2 {[%clk 0:38:07]} g5 {[%clk 0:20:57]} 23. Rd2
{[%clk 0:35:23]} Nc8 {[%clk 0:19:41]} 24. Qd1 {[%clk 0:34:15]} Be8
{[%clk 0:17:48]} 25. Qb3 {[%clk 0:33:25]} Rf6 {[%clk 0:13:40]} 26. Qxd5
{[%clk 0:18:37]} exd5 {[%clk 0:13:55]} 27. Nc1 {[%clk 0:18:43]} Nd6
{[%clk 0:13:35]} 28. N1b3 {[%clk 0:18:51]} Nc4 {[%clk 0:13:27]} 29. Re2
{[%clk 0:17:31]} Rbd6 {[%clk 0:10:34]} 30. Nb7 {[%clk 0:16:59]} Rb6
{[%clk 0:10:03]} 31. N7a5 {[%clk 0:17:17]} Nxa5 {[%clk 0:09:45]} 32. Nxa5
{[%clk 0:17:37]} f4 {[%clk 0:08:17]} 33. exf4 {[%clk 0:13:59]} gxf4
{[%clk 0:08:08]} 34. g3 {[%clk 0:13:01]} Bh5 {[%clk 0:07:06]} 35. Rc2
{[%clk 0:10:57]} Bg4 {[%clk 0:07:05]} 36. Nb3 {[%clk 0:10:11]} Rh6
{[%clk 0:06:06]} 37. h4 {[%clk 0:10:14]} Rhg6 {[%clk 0:05:38]} 38. Kh2
{[%clk 0:10:19]} Rbf6 {[%clk 0:05:28]} 39. Rg1 {[%clk 0:10:11]} Kf7
{[%clk 0:05:27]} 40. Nc1 {[%clk 0:39:45]} Rh6 {[%clk 0:34:54]} 41. Kg2
{[%clk 0:38:03]} Rhg6 {[%clk 0:31:51]} 42. Kh2 {[%clk 0:38:09]} Rh6
{[%clk 0:31:32]} 43. Kg2 {[%clk 0:38:30]} Rhg6 {[%clk 0:31:49]} 44. Kh2
{[%clk 0:38:53]} 1/2-1/2

[Event "EYTCC-G"]
[Site "?"]
[Date "2017.08.18"]
[Round "2.14"]
[White "Buchta, Agnieszka"]
[Black "Nestorovic, Katarina"]
[Result "1-0"]
[BlackElo "1941"]
[WhiteElo "1720"]
[LiveChessVersion "1.4.6"]

1. e4 {[%clk 1:30:59]} c5 {[%clk 1:30:53]} 2. Nc3 {[%clk 1:31:23]} e6
{[%clk 1:31:01]} 3. f4 {[%clk 1:31:47]} Nc6 {[%clk 1:31:21]} 4. Nf3
{[%clk 1:32:10]} Nge7 {[%clk 1:28:33]} 5. d4 {[%clk 1:32:15]} cxd4
{[%clk 1:26:40]} 6. Nxd4 {[%clk 1:32:38]} Nxd4 {[%clk 1:26:28]} 7. Qxd4
{[%clk 1:33:05]} Nc6 {[%clk 1:26:48]} 8. Qf2 {[%clk 1:33:25]} d6 {[%clk 1:14:55]}
9. Bd3 {[%clk 1:31:03]} Be7 {[%clk 1:14:31]} 10. O-O {[%clk 1:29:50]} O-O
{[%clk 1:14:34]} 11. a3 {[%clk 1:28:33]} Bh4 {[%clk 1:12:12]} 12. g3
{[%clk 1:17:19]} Bf6 {[%clk 1:11:07]} 13. Kh1 {[%clk 1:10:48]} b6
{[%clk 1:06:40]} 14. Bd2 {[%clk 1:09:34]} Bb7 {[%clk 1:06:04]} 15. g4
{[%clk 1:04:28]} d5 {[%clk 0:51:25]} 16. e5 {[%clk 1:00:28]} Be7 {[%clk 0:45:02]}
17. Qg2 {[%clk 0:49:54]} Rc8 {[%clk 0:39:53]} 18. Rae1 {[%clk 0:43:00]} Qc7
{[%clk 0:31:22]} 19. Qh3 {[%clk 0:23:48]} g6 {[%clk 0:31:22]} 20. f5
{[%clk 0:23:34]} Nxe5 {[%clk 0:21:28]} 21. f6 {[%clk 0:22:09]} Bd8
{[%clk 0:19:58]} 22. Bg5 {[%clk 0:11:26]} Kh8 {[%clk 0:18:29]} 23. Rg1
{[%clk 0:07:30]} Rg8 {[%clk 0:16:19]} 24. Rg3 {[%clk 0:07:07]} Nd7
{[%clk 0:13:39]} 25. Qxh7+ {[%clk 0:07:10]} 1-0

[Event "EYTCC-G"]
[Site "?"]
[Date "2017.08.18"]
[Round "2.15"]
[White "Vrtiakova, Anna"]
[Black "Gundogan, Sinem Cagla"]
[Result "0-1"]
[BlackElo "2067"]
[WhiteElo "1971"]
[LiveChessVersion "1.4.6"]

1. e4 {[%clk 1:30:57]} e6 {[%clk 1:30:44]} 2. d4 {[%clk 1:31:20]} d5
{[%clk 1:31:10]} 3. Nc3 {[%clk 1:31:35]} dxe4 {[%clk 1:31:35]} 4. Nxe4
{[%clk 1:31:56]} Nd7 {[%clk 1:31:59]} 5. Nf3 {[%clk 1:30:54]} Ngf6
{[%clk 1:32:19]} 6. Bd3 {[%clk 1:28:55]} Be7 {[%clk 1:32:42]} 7. O-O
{[%clk 1:28:44]} O-O {[%clk 1:31:18]} 8. c4 {[%clk 1:22:19]} h6 {[%clk 1:24:39]}
9. Qe2 {[%clk 1:17:15]} c5 {[%clk 1:21:03]} 10. dxc5 {[%clk 1:05:19]} Nxc5
{[%clk 1:21:09]} 11. Nxc5 {[%clk 1:04:56]} Bxc5 {[%clk 1:21:30]} 12. Rd1
{[%clk 1:04:47]} Qe7 {[%clk 1:13:30]} 13. h3 {[%clk 0:58:49]} b6 {[%clk 1:12:55]}
14. b3 {[%clk 0:58:15]} Bb7 {[%clk 1:12:41]} 15. Bb2 {[%clk 0:58:06]} Nh5
{[%clk 1:05:17]} 16. Be5 {[%clk 0:34:38]} f5 {[%clk 0:57:53]} 17. Kh2
{[%clk 0:20:29]} Rae8 {[%clk 0:56:12]} 18. Bc2 {[%clk 0:18:28]} Nf6
{[%clk 0:54:08]} 19. Nd4 {[%clk 0:14:54]} Ne4 {[%clk 0:48:42]} 20. Bxe4
{[%clk 0:13:40]} fxe4 {[%clk 0:48:03]} 21. Bg3 {[%clk 0:12:30]} Qf6
{[%clk 0:48:00]} 22. Nb5 {[%clk 0:09:28]} Bxf2 {[%clk 0:35:57]} 23. Bxf2
{[%clk 0:09:45]} Qxf2 {[%clk 0:36:21]} 24. Qxf2 {[%clk 0:09:59]} Rxf2
{[%clk 0:36:46]} 25. Nd6 {[%clk 0:09:13]} Re7 {[%clk 0:36:54]} 26. Nxb7
{[%clk 0:05:57]} Rxb7 {[%clk 0:37:21]} 27. Re1 {[%clk 0:02:02]} Rd7
{[%clk 0:37:34]} 28. Rxe4 {[%clk 0:01:34]} Rdd2 {[%clk 0:37:57]} 29. Rg1
{[%clk 0:01:15]} Rxa2 {[%clk 0:37:50]} 30. Rxe6 {[%clk 0:01:38]} Rfb2
{[%clk 0:38:12]} 31. Re3 {[%clk 0:01:14]} Ra3 {[%clk 0:33:51]} 32. Re7
{[%clk 0:01:24]} Raa2 {[%clk 0:32:12]} 33. Re3 {[%clk 0:00:51]} a5
{[%clk 0:31:29]} 34. Rd3 {[%clk 0:00:52]} Ra3 {[%clk 0:31:42]} 35. Rd7
{[%clk 0:00:35]} Rbxb3 {[%clk 0:30:57]} 36. Re1 {[%clk 0:00:45]} Rg3
{[%clk 0:30:39]} 37. Re6 {[%clk 0:00:36]} Rg5 {[%clk 0:30:10]} 38. Rxb6
{[%clk 0:00:34]} Ra2 {[%clk 0:30:30]} 39. h4 {[%clk 0:00:34]} Raxg2+
{[%clk 0:25:47]} 40. Kh1 {[%clk 0:30:58]} Rg1+ {[%clk 0:56:12]} 41. Kh2
{[%clk 0:31:22]} R5g2+ {[%clk 0:56:39]} 42. Kh3 {[%clk 0:31:36]} Rg3+
{[%clk 0:57:04]} 43. Kh2 {[%clk 0:31:55]} R1g2+ {[%clk 0:57:29]} 44. Kh1
{[%clk 0:32:14]} Rc2 {[%clk 0:57:38]} 45. Rd4 {[%clk 0:23:42]} Re3
{[%clk 0:56:56]} 46. Rb1 {[%clk 0:20:26]} Rec3 {[%clk 0:56:47]} 47. Ra1
{[%clk 0:17:01]} Rxc4 {[%clk 0:55:35]} 48. Rd8+ {[%clk 0:16:25]} Kh7
{[%clk 0:55:14]} 49. Rxa5 {[%clk 0:16:14]} Rxh4+ {[%clk 0:55:38]} 50. Kg1
{[%clk 0:16:39]} Rb4 {[%clk 0:55:31]} 51. Ra1 {[%clk 0:14:38]} h5
{[%clk 0:53:49]} 52. Kh1 {[%clk 0:12:13]} Rbb2 {[%clk 0:53:59]} 53. Rd5
{[%clk 0:10:51]} g6 {[%clk 0:54:14]} 54. Rd7+ {[%clk 0:10:56]} Kh6
{[%clk 0:54:36]} 55. Kg1 {[%clk 0:10:04]} h4 {[%clk 0:54:38]} 56. Rd3
{[%clk 0:09:34]} Kh5 {[%clk 0:54:37]} 0-1